000 00884nam a22002297a 4500
999 _c7907
_d7907
003 AR-CdUCM
008 190321b ||||| |||| 00| 0 spa d
020 _a-0-07-090932-6
040 _aMUNICIPALIDAD PROVINCIAL DEL CUSCO
_cBIBLIOTECA MUNICIPAL DEL CUSCO
041 _heng
082 _a546.O73 /
_bJ71
100 _aJolly, William L.
_922357
245 _aPrincipios de química inorgánica /
260 _aCali :
_bMcGraw-Hill,
_c1977.
300 _a326 páginas ;
_bIlustraciones,
_c22 cm.
500 _aTitulo original: The principles of inorganic chemistry.
505 _aConfiguraciones electrónicas de los átomos tabla periódica -- Enlace covalente -- Teoría del orbital molecular -- Algunas reacciones del hidrógeno molecular ...
650 _aQuímica inorgánica
_922210
700 _aArias P. Hernando (traductor)
_922358
942 _2ddc
_cLIBROS
945 _aacv